Managing for the future

This wide-ranging, future-oriented book is sure to number among the most important and influential business books of the decade

Shranjeno v:
Bibliografske podrobnosti
Glavni avtor: Drucker, Peter Ferdinand
Format: Knjiga
Jezik:Undetermined
Izdano: London Butterworth-Heinemann 1992
Teme:
Oznake: Označite
Brez oznak, prvi označite!
Thư viện lưu trữ: Trung tâm Học liệu Trường Đại học Cần Thơ
LEADER 00696nam a2200193Ia 4500
001 CTU_219716
008 210402s9999 xx 000 0 und d
082 |a 658.2 
082 |b D794 
100 |a Drucker, Peter Ferdinand 
245 0 |a Managing for the future 
245 0 |c Peter Ferdinand Drucker 
260 |a London 
260 |b Butterworth-Heinemann 
260 |c 1992 
520 |a This wide-ranging, future-oriented book is sure to number among the most important and influential business books of the decade 
650 |a Industrial management,Quản trị sản xuất,Management,Quản trị học 
904 |i Nguyên 
980 |a Trung tâm Học liệu Trường Đại học Cần Thơ